| 000 | 00958nam a22002417a 4500 | ||
|---|---|---|---|
| 999 |
_c18976 _d18976 |
||
| 003 | AR-CdUCM | ||
| 008 | 190516b ||||| |||| 00| 0 spa d | ||
| 040 |
_aMUNICIPALIDAD PROVINCIAL DEL CUSCO _cBIBLIOTECA MUNICIPAL DEL CUSCO |
||
| 082 |
_a320.8 / _bH 21 |
||
| 100 |
_aFitch, John Andrews _939955 |
||
| 245 | _aResponsabilidades sociales de los sindicatos obreros / | ||
| 260 |
_aBuenos Aires : _bAgora, _c[1959] |
||
| 300 |
_a267 paginas ; _c21 cm. |
||
| 440 |
_aColección hombres y problemas _939956 |
||
| 500 | _aTitulo original : Social Responsibilities of organized labor | ||
| 505 | _aContenido Concepto de responsabilidad social -- La naturaleza esencial del sindicalismo -- Antecedentes históricos -- Objetivos sindicales ... | ||
| 650 |
_aSindicatos _92512 |
||
| 650 |
_aEtica cristina _939957 |
||
| 650 |
_aEstados Unidos _91805 |
||
| 700 |
_aMarino, Mario A. (Traducción) _937875 |
||
| 942 |
_2ddc _cLIBROS |
||
| 945 |
_awnts _d2019-05-16 |
||